| 000 -LEADER |
| fixed length control field |
00425nam a22001577a 4500 |
| 008 - FIXED-LENGTH DATA ELEMENTS--GENERAL INFORMATION |
| fixed length control field |
170315b xxu||||| |||| 00| 0 eng d |
| 082 ## - DEWEY DECIMAL CLASSIFICATION NUMBER |
| Edition number |
23 |
| Classification number |
333.7 |
| Item number |
GUP |
| 100 ## - MAIN ENTRY--PERSONAL NAME |
| Personal name |
Gupta, R. D. |
| 245 ## - TITLE STATEMENT |
| Title |
Environmental studies |
| 250 ## - EDITION STATEMENT |
| Edition statement |
1st ed. |
| 260 ## - PUBLICATION, DISTRIBUTION, ETC. (IMPRINT) |
| Place of publication, distribution, etc. |
Meerut |
| Name of publisher, distributor, etc. |
R. Lall Book Depot |
| Date of publication, distribution, etc. |
2009 |
| 300 ## - PHYSICAL DESCRIPTION |
| Extent |
xii,291p.; |
| Dimensions |
21cm. |
| 650 ## - SUBJECT ADDED ENTRY--TOPICAL TERM |
| Source of heading or term |
Environmental science |
| Topical term or geographic name as entry element |
Environmental science |
| 700 ## - ADDED ENTRY--PERSONAL NAME |
| Personal name |
Singh, K. V. |
| 942 ## - ADDED ENTRY ELEMENTS (KOHA) |
| Source of classification or shelving scheme |
|
| Koha item type |
Books |